01382nam a2200277 4500003000500000005001700005008004100022040002500063082001500088090002000103245012300123246002100246264009300267300006500360336002100425337002500446338002300471500019000494500003200684505023100716651004700947651004100994700003901035942001101074999001901085PPAK20250804163306.0250731s my abf f 000 0 eng d aPPAKbengcPPAKerda04223a959.5100a959.51bMALdKK00aMALAY PENINSULA :b(STRAITS SETTLEMENTS & FEDERATED MALAY STATES) /cOriginal Photos and Copyright by C.J. Kleingrothe34aMalaya peninsula 1a[Medan, Sumatera] : b[publisher not identified], c[date of publication not identified] a1 volume : billustrations, plates, color maps ;c33 x 36 cm atext2rdacontent aunmediated2rdamedia avolume2rdacarrier aPrinted title page, coloured map of the Federated Malay States and Straits Settlement, and 71 leaves containing 172 original photographs, photograph of a tiger pasted on the uppercover. a1 volume consists of plates tSingapore : 43 photographs on 17 leaves --tPenang : 35 photographs on 16 leaves --tFederated Malay States : 89 photographs on 36 leaves --tMalacca : 4 photographs on 1 leafs --tSoengei :- Belawan : 1 photographs on 1 leaf. 0aMalay PeninsulaxHistory vPictorial works 0aSingapore xHistoryvPictorial works1 aKleingrothe, C. J.,ephotographer. 2ddccB c200148d200148